Banner

Derecho procesal constitucional protección de los derechos constitucionales / (Record no. 797)

MARC details
000 -LEADER
campo de control de longitud fija 00901nam a22002777a 4500
001 - NÚMERO DE CONTROL
campo de control 001922
003 - IDENTIFICADOR DE NÚMERO DE CONTROL
campo de control CoMeUDC001922
005 - FECHA Y HORA DE LA ÚLTIMA TRANSACCIÓN
campo de control 20190115224338.0
008 - DATOS DE LONGITUD FIJA--INFORMACIÓN GENERAL
campo de control de longitud fija 130821s2010 ck gr spa
020 ## - NÚMERO INTERNACIONAL ESTÁNDAR DEL LIBRO
Número Internacional Estándar del Libro 958350551x
020 ## - NÚMERO INTERNACIONAL ESTÁNDAR DEL LIBRO
Número Internacional Estándar del Libro 9789583507700 (3a.Ed.)
040 ## - FUENTE DE CATALOGACIÓN
Centro catalogador/agencia de origen CO-BoUCM
Lengua de catalogación spa
Centro/agencia transcriptor CoMeUDC
Centro/agencia modificador Nuevo
041 00 - CÓDIGO DE IDIOMA
Código de lengua del texto/banda sonora o título independiente spa
082 04 - NÚMERO DE LA CLASIFICACIÓN DECIMAL DEWEY
Número de clasificación 347.07
Información de edición 20
Número de ítem H493d
100 1# - ENTRADA PRINCIPAL--NOMBRE DE PERSONA
Nombre de persona Henao Hidrón, Javier
9 (RLIN) 42565
245 10 - MENCIÓN DEL TÍTULO
Título Derecho procesal constitucional protección de los derechos constitucionales /
Mención de responsabilidad, etc. Javier Henao Hidrón.
250 ## - MENCION DE EDICION
Mención de edición 3a ed
260 ## - PUBLICACIÓN, DISTRIBUCIÓN, ETC.
Lugar de publicación, distribución, etc. Bogotá (Colombia) :
Nombre del editor, distribuidor, etc. Editorial Temis,
Fecha de publicación, distribución, etc. 2010.
300 ## - DESCRIPCIÓN FÍSICA
Extensión xi, 278 páginas
650 #7 - PUNTO DE ACCESO ADICIONAL DE MATERIA--TÉRMINO DE MATERIA
Término de materia o nombre geográfico como elemento de entrada Acción de tutela
9 (RLIN) 8344
650 #7 - PUNTO DE ACCESO ADICIONAL DE MATERIA--TÉRMINO DE MATERIA
Término de materia o nombre geográfico como elemento de entrada Derecho constitucional
9 (RLIN) 12725
650 #7 - PUNTO DE ACCESO ADICIONAL DE MATERIA--TÉRMINO DE MATERIA
Término de materia o nombre geográfico como elemento de entrada Derecho de petición
9 (RLIN) 12742
650 #7 - PUNTO DE ACCESO ADICIONAL DE MATERIA--TÉRMINO DE MATERIA
Término de materia o nombre geográfico como elemento de entrada Derecho procesal
9 (RLIN) 12822
690 ## - PUNTO DE ACCESO ADICIONAL DE MATERIA LOCAL--TÉRMINO DE MATERIA (OCLC, RLIN)
Término de materia o nombre geográfico como elemento inicial Derecho constitucional
942 ## - ELEMENTOS DE ENTRADA SECUNDARIOS (KOHA)
Tipo de ítem Koha Libros
Código de la institución [OBSOLETO] 8
Edición 3
Sufijo de la signatura H493d
Fuente del sistema de clasificación o colocación Clasificación Decimal Dewey
Parte de la signatura que corresponde a la clasificación (Parte de la clasificación) 342.085
Holdings
Estatus retirado Estado de pérdida Fuente del sistema de clasificación o colocación Estado de daño No para préstamo Colección Biblioteca de origen Biblioteca actual Fecha de adquisición Fuente de adquisición Total de préstamos Signatura topográfica completa Código de barras Visto por última vez Fecha del último préstamo Copia número Precio de reemplazo Tipo de ítem Koha
    Clasificación Decimal Dewey     Colección general U DE COLOMBIA - Biblioteca U DE COLOMBIA - Biblioteca 15/01/2019 Compra 6 347.07 H493d 001922 22/08/2022 01/08/2022 1 15/01/2019 Libros


Biblioteca Académica Corporación Universitaria U DE COLOMBIA | Teléfono: +(57) (4) 2398080 ext. 1112 | E-mail: biblioteca@udecolombia.edu.co | Dirección: Calle 56 Nº 41 – 147 (Bolivia con Girardot)
Horario de atención: lunes a viernes 8:00 a.m. a 8:00 p.m. - sábados 8:00 a.m. a 4:00 p.m.
Implementado por Grupo EGS.

Powered by Koha